Practical benchmarking : the complete guide
| Main Author: | |
|---|---|
| Other Authors: | |
| Format: | Book |
| Published: |
London:
Chapman & Hall,
1994.
|
| Subjects: |
| LEADER | 00502cam a2200169 7i4500 | ||
|---|---|---|---|
| 001 | 0000003177 | ||
| 005 | 19991025090000.0 | ||
| 002 | ##000004518 | ||
| 020 | 0 | 0 | |a 0-412-57410-1 |
| 090 | 0 | 0 | |a B 658.401 |b MOH |
| 100 | 1 | 0 | |a Mohamed Zairi |
| 245 | 2 | 0 | |a Practical benchmarking : |b the complete guide |c Mohamed Zairi and Paul Leonard. |
| 260 | 0 | 0 | |a London: |b Chapman & Hall, |c 1994. |
| 300 | 0 | 0 | |a 262 p.. |
| 650 | 0 | 0 | |a Benchmarks |
| 700 | 2 | 1 | |a Leonard, |h Paul |
| 999 | |a 0000004494 |b Book |c Open shelf |e Business Information Centre | ||


